A woman's journey round the world from Vienna to Brazil, Tahiti, China, Hindostán, Persia, and Asia Minor. An unabridged translation from the german. Illustrated with tinted engravings
Na minha lista:
| Autor principal: | |
|---|---|
| Formato: | Livro |
| Idioma: | inglês |
| Publicado em: |
Londres
Nataniel Cooke
1854
|
| Edição: | 4a. ed |
| Assuntos: | |
| Tags: |
Adicionar Tag
Sem tags, seja o primeiro a adicionar uma tag!
|
MARC
| LEADER | 00000nam a2200000 a 4500 | ||
|---|---|---|---|
| 001 | UCJ5537 | ||
| 003 | CL-VaPUC | ||
| 008 | 070124e18540000UK |||||||||||||||||eng|d | ||
| 082 | 0 | 4 | |a 910.4 |b PFE |2 21 |
| 100 | 0 | |a Pfeiffer, Ida Laure |e author |9 510798 | |
| 245 | 1 | 2 | |a A woman's journey round the world from Vienna to Brazil, Tahiti, China, Hindostán, Persia, and Asia Minor. An unabridged translation from the german. Illustrated with tinted engravings |
| 250 | |a 4a. ed | ||
| 300 | |a xii, 338 p | ||
| 942 | |c BK | ||
| 945 | |d 20070124 00:00:00 |a rinostro | ||
| 260 | |a Londres |b Nataniel Cooke |c 1854 | ||
| 500 | |a Ilustraciones conforme a lo señalado en índice | ||
| 650 | 0 | |a Viajes |9 257115 | |
| 650 | 0 | |a Geografía |9 259346 | |
| 650 | 0 | |a Antropología |9 233030 | |
| 650 | 0 | |a Cultura |9 269059 | |
| 650 | 0 | |a Recursos naturales |9 255232 | |
| 650 | 0 | |a Ilustraciones |9 369481 | |
| 651 | 0 | |a Brasil |9 267393 | |
| 651 | 0 | |a India |9 267804 | |
| 651 | 7 | |a PERSIA |2 CL-VaPUC |9 316501 | |
| 651 | 7 | |a IRAN |2 CL-VaPUC |9 314095 | |
| 651 | 0 | |a China |9 257545 | |
| 651 | 7 | |a TAHITI |2 CL-VaPUC |9 266824 | |
| 651 | 0 | |a Valparaíso, Chile |9 261144 | |
| 583 | |a last modification |c 20130628 04:40:50 |k Rodrigo Vera | ||
| 999 | |c 321646 |d 321644 | ||
| 952 | |0 0 |1 0 |4 0 |6 910_400000000000000_PFE_1854 |7 0 |8 X |9 400444 |a FDOBUD |b FDOBUD |d 2019-11-22 |i 1036009 |o 910.4 PFE 1854 |p 1036009 |r 2019-11-22 |w 2019-11-22 |y BK_X |k BUD | ||